Szegedi matematikusok, szentesi riport, szegedi Nabucco a televizió tegnapi műsorában
Elmentve itt :
| Dokumentumtípus: | Cikk |
|---|---|
| Megjelent: |
1964-10-08
|
| Sorozat: | Délmagyarország
|
| Kulcsszavak: | Kalmár László, Muszka Dániel, Kovalik Károly, Szőkefalvi Nagy Béla, Tandori Károly, Televízióműsor Szeged 1964, Tudományos élet riport Szeged 1964 |
| Online Access: | http://dmarchiv.bibl.u-szeged.hu/36626 |
| LEADER | 00591nab a2200145 i 4500 | ||
|---|---|---|---|
| 001 | delm36626 | ||
| 005 | 20180927112816.0 | ||
| 008 | 180927s1964 hu o 0|| hun d | ||
| 040 | |a SZTE Délmagyarország Archívum |b hun | ||
| 041 | |a hun | ||
| 245 | 0 | 0 | |a Szegedi matematikusok, szentesi riport, szegedi Nabucco a televizió tegnapi műsorában |h [elektronikus dokumentum] |
| 260 | |c 1964-10-08 | ||
| 300 | |a 5 | ||
| 490 | 0 | |a Délmagyarország | |
| 695 | |a Kalmár László, Muszka Dániel, Kovalik Károly, Szőkefalvi Nagy Béla, Tandori Károly, Televízióműsor Szeged 1964, Tudományos élet riport Szeged 1964 | ||